[Event "Teplice op 6th"]
[Site "Teplice"]
[Date "2011.06.11"]
[Round "1"]
[White "Srkal, Miroslav"]
[Black "Kantorik, Marian"]
[Result "0-1"]
[WhiteElo "1828"]
[BlackElo "2312"]
[PlyCount "62"]
[EventDate "2011.06.11"]
[EventType "swiss"]
[EventRounds "9"]
[EventCountry "CZE"]
[SourceTitle "CBM 142 Extra"]
[Source "ChessBase"]
[SourceDate "2011.06.27"]
[SourceVersion "1"]
[SourceVersionDate "2011.06.27"]
[SourceQuality "1"]

1. d4 d5 2. c4 c6 3. Nf3 Nf6 4. Nc3 a6 5. e3 b5 6. c5 g6 7. Bd3 Bg7 8. Ne5 0-0 9. a3 Nfd7 10. f4 Nxe5 11. fxe5 f6 12. exf6 exf6 13. Bd2 f5 14. Qf3 a5 15. a4 b4 16. Ne2 Ba6 17. Bc2 Nd7 18. b3 Nxc5 19. 0-0 Ne4 20. Be1 c5 21. Rd1 cxd4 22. Bd3 dxe3 23. Nf4 Bxd3 24. Rxd3 d4 25. Ne6 Qe7 26. Nxd4 Qd6 27. Bg3 Nxg3 28. Qxg3 Qxg3 29. hxg3 Rad8 30. Rfd1 Rxd4 31. Rxd4 e2 0-1